| 000 | 00716nam a2200181 a 4500 | ||
|---|---|---|---|
| 001 | 000033900 | ||
| 005 | 20200930070617.0 | ||
| 008 | 110914s2007 ag 000 0 spa d | ||
| 020 | _a9789879350447 | ||
| 040 |
_aDO-SdBNP _bspa _cBNPHU |
||
| 245 | 0 | 0 |
_aMás libros para más : _bcolecciones del Centro Editor de América Latina / _crecopilación, Fabiola Etchemaite ; testimonios e investigación periodística, Judith Gociol. |
| 260 |
_aBuenos Aires, Argentina : _bCiudad Autónoma de Buenos Aires, _c2007. |
||
| 300 |
_a687 p. : _bil., ; _c29 cm. |
||
| 490 | 1 |
_aÍndice y bibliografías _v2 |
|
| 700 | 1 |
_aEtchemaite, Fabiola _959340 |
|
| 700 | 1 |
_aGociol, Judith. _959341 |
|
| 830 | 0 |
_aÍndice y bibliografías _v2 _959342 |
|
| 999 |
_c33391 _d33391 |
||